State Shape to Capital - Statistics

General Stats
  • This quiz has been taken 21 times
  • The average score is 35 of 50
Answer Stats
Picture Answer % Correct
Boston
100%
Honolulu
100%
Tallahassee
100%
Austin
93%
Denver
93%
Frankfurt
93%
Nashville
93%
Olympia
93%
Springfield
93%
Annapolis
87%
Carson City
87%
Helena
87%
Richmond
87%
Dover
80%
Jefferson City
80%
Montgomery
80%
Montpelier
80%
Boise
73%
Juneau
73%
Lansing
73%
Salt Lake City
73%
Santa Fe
73%
Albany
67%
Baton Rouge
67%
Des Moines
67%
Little Rock
67%
Oklahoma City
67%
Phoenix
67%
Providence
67%
Sacramento
67%
St. Paul
67%
Charleston
60%
Columbus
60%
Hartford
60%
Indianapolis
60%
Jackson
60%
Lincoln
60%
Madison
60%
Raleigh
60%
Atlanta
53%
Augusta
53%
Columbia
53%
Concord
53%
Harrisburg
53%
Salem
53%
Topeka
53%
Trenton
53%
Bismarck
47%
Cheyenne
47%
Pierre
47%
No matching quizzes found
Score Distribution
Percent of People with Each Score
Percentile by Number Answered
Your Score History
You have not taken this quiz